|
|
|
|
| LEADER |
00000nab a2200000 ar4500 |
| 001 |
vtls011595102 |
| 003 |
SK-MaSNL |
| 005 |
20260304011935.0 |
| 008 |
161124c2016 xo sr|p|||||||000 b|slo |
| 038 |
|
|
|a PPPK
|
| 040 |
|
|
|a PPPKCL
|b slo
|c PPPKCL
|e AACR2
|
| 041 |
0 |
|
|a slo
|
| 044 |
|
|
|a xo
|c SK
|
| 080 |
|
|
|a 75.071.1
|x (437.6)
|2 2011
|
| 080 |
|
|
|a 069.9
|2 2011
|
| 245 |
0 |
0 |
|a Letecký deň v galérii
|c [Text a foto] -sedl-
|
| 300 |
|
|
|b Fotogr.
|
| 600 |
1 |
7 |
|a Zimka, Ondrej,
|d 1937-
|2 pppkcl
|9 103112
|
| 610 |
2 |
7 |
|a Galéria u Anjela (Kežmarok, Slovensko)
|x výstavy
|2 pppkcl
|9 1053061
|
| 611 |
2 |
7 |
|a Zimka Ondrej: Vynálezca leteckého dňa
|g výstava
|d (2016 :
|c Kežmarok, Slovensko)
|2 pppkcl
|9 1291225
|
| 648 |
|
7 |
|a 23.9.-24.11.2016
|2 pppkcl
|9 1291226
|
| 650 |
0 |
7 |
|a maliari
|2 pppkcl
|9 3150
|
| 650 |
0 |
7 |
|a ilustrátori
|2 pppkcl
|9 82580
|
| 651 |
|
7 |
|a Kežmarok (Slovensko)
|2 pppkcl
|9 26808
|
| 773 |
0 |
|
|t Noviny Kežmarok : kultúrno-spoločenský mesačník mesta
|g Č. 10 (2016), s. 17
|x 2453-7608
|
| 852 |
|
|
|a PPPK
|b KIS3GCP
|
| 856 |
4 |
1 |
|u http://www.kezmarok.sk/obcan/clanky/noviny_kezmarok_archiv-150.htm
|
| 999 |
|
|
|c 2568821
|d 2570751
|